| 000 -LEADER | |
|---|---|
| fixed length control field | 00377nam a22001577a 4500 |
| 005 - DATE AND TIME OF LATEST TRANSACTION | |
| control field | 20160521094329.0 |
| 008 - FIXED-LENGTH DATA ELEMENTS--GENERAL INFORMATION | |
| fixed length control field | 160521b xxu||||| |||| 00| 0 eng d |
| 041 ## - LANGUAGE CODE | |
| Language code of text/sound track or separate title | eng |
| 082 ## - DEWEY DECIMAL CLASSIFICATION NUMBER | |
| Item number | 3645 |
| 100 ## - MAIN ENTRY--AUTHOR NAME | |
| Personal name | Sidny H. Auner |
| 245 ## - TITLE STATEMENT | |
| Title | Introduction to Physical Metallurgy |
| 260 ## - PUBLICATION, DISTRIBUTION, ETC. (IMPRINT) | |
| Place of publication | New Delhi |
| Name of publisher | TMH, |
| 300 ## - PHYSICAL DESCRIPTION | |
| Number of Pages | 661 |
| 650 ## - SUBJECT ADDED ENTRY--TOPICAL TERM | |
| Topical Term | DIPLOMA ENGINEERING |
| 942 ## - ADDED ENTRY ELEMENTS (KOHA) | |
| Koha item type | Books |
| Lost status | Damaged status | Home library | Current library | Shelving location | Date acquired | Full call number | Accession Number | Koha item type |
|---|---|---|---|---|---|---|---|---|
| JRU Library | SHELF-46-L | 21/05/2016 | 3645 | 3645 | Books |